[Event "23rd OIBM 2019"]
[Site "Gmund am Tegernsee"]
[Date "2019.11.03"]
[Round "9.15"]
[White "Korneev, Oleg"]
[Black "Schuster, Karsten"]
[Result "0-1"]
[WhiteElo "2504"]
[BlackElo "2304"]
[Annotator "TA"]
[PlyCount "134"]
[EventDate "2019.10.17"]
[EventType "swiss"]
[EventCountry "GER"]
[SourceTitle "playchess.com"]
[Source "ChessBase"]
[SourceQuality "1"]

{[%evp 14,134,25,32,54,40,50,37,37,33,44,3,23,10,45,14,45,46,44,-7,-11,-23,18,-22,0,-3,0,-4,27,-53,28,26,31,35,47,47,48,48,48,48,42,42,42,38,61,33,80,38,38,38,38,38,50,39,75,69,64,39,43,38,47,47,60,41,49,21,27,17,60,59,116,121,117,117,117,128,141,127,146,127,130,124,160,135,203,183,302,263,226,231,231,227,224,226,220,150,170,-30,-14,-13,0,0,75,77,97,21,114,111,122,115,114,-82,0,-224,-210,-571,-514,-6523,-6370,-29993,-29990,-29991,-29992]} 1. e4 c6 2. Nc3 d5 3. Nf3 Bg4 4. h3 Bxf3 5. Qxf3 Nf6 6. d3 e6 7. Bd2 Bb4 8. a3 Be7 {B11: Caro-Kann: Two Knights Variation} (8... Ba5 9. O-O-O Nbd7 10. g4 d4 11. Ne2 Bxd2+ 12. Rxd2 e5 13. g5 Ng8 14. h4 h6 15. g6 fxg6 16. Bh3 {½-½ (79) Safarli,E (2649)-Najer,E (2653) Dubai 2014}) 9. g4 d4 10. Ne2 c5 $146 {White is slightly better.} ({Predecessor:} 10... Qb6 11. b3 a5 12. e5 Nfd7 13. Qe4 c5 14. Bg2 Nc6 15. f4 a4 16. Rb1 {0-1 (38) Troberg Eskola,L (1881)-Aaberg,A (2365) Tylosand 2016}) 11. g5 Nfd7 12. Qg3 Nc6 13. Bg2 e5 14. O-O Qc7 15. h4 O-O-O 16. f4 (16. b4 $1 $14) 16... Bd6 17. f5 f6 18. Qg4 Rdg8 19. Ng3 Be7 20. g6 Kb8 (20... c4 $5) 21. Bf3 (21. h5 $11) 21... Nf8 (21... c4 $1 $15) 22. Kg2 $11 Qc8 23. h5 h6 24. Nh1 Nd7 25. Nf2 Rd8 26. Rfb1 Qc7 27. Bd1 Nb6 28. Qe2 Rhe8 29. Ng4 Bf8 30. Qf1 Rd6 31. Be2 Red8 32. b3 R8d7 33. Qc1 Qd8 34. Qb2 Rc7 35. Rh1 Ne7 36. Rag1 Ng8 37. Kf2 Rdc6 38. a4 Rd7 39. Rg2 Nc8 40. Rhg1 Qc7 41. Qa2 Nd6 (41... Qd8 $14) 42. b4 $1 $16 {[%cal Bb3b4,Bb4b5][%mdl 32]} c4 43. b5 $36 {[%mdl 2048] White is on the roll.} Rc5 44. Bb4 Rd8 45. Kf3 Rc8 46. Bxc5 Qxc5 47. dxc4 Be7 48. Nf2 Qc7 (48... Bd8 $16 {keeps fighting.} 49. Qb3 Ne7) 49. c3 $18 b6 (49... dxc3 {was called for.} 50. Rc1 b6 51. Rxc3 Nb7) 50. c5 Qxc5 51. Nd3 $1 {[%cal Rd3c5]} Qc7 {intending ...Qb7.} 52. cxd4 Qb7 53. d5 Rc4 54. Rg4 Qc8 {Black wants to play ...Nxe4.} 55. Ke3 $2 (55. Nf2 $1 $18 Rc2 56. Qb1) 55... Rc2 $11 56. Qa1 $1 Nc4+ 57. Kf3 $1 {Black must now prevent Rc1.} Nd2+ (57... Bc5 $1 $11 {remains equal.}) 58. Kg3 $16 {aiming for Rc1.} Nb3 59. Qd1 (59. Qe1 $16) 59... Nd4 (59... Qc3 $1 $11 {keeps the balance.}) 60. Rg2 Bd6 61. Bf1 Rc3 {[#]} 62. Kh3 $2 {[#]} (62. Rf2 $1 $16 {is necessary to keep the advantage.}) 62... Ne7 ({Black should play} 62... Nxf5 $1 $17 {Strongly threatening ...Ne3.} 63. exf5 Qxf5) 63. R4g3 $2 (63. Qe1 $11 {and White stays safe.}) 63... Nexf5 $1 $19 {...Ne3+ is the strong threat.} 64. exf5 $2 (64. Qg4 {was the crucial defense.} Nxg3 65. Qxc8+ Kxc8 66. Rxg3) 64... Qxf5+ 65. Rg4 (65. Kh2 $142 e4 {[%mdl 64] Discovered Attack} 66. Kh1) 65... e4 {[%mdl 64] ( -> ...Nf3). Pin} 66. Qe1 Nf3 67. Qxe4 Ng5+ {[%mdl 64] Double Attack, Discovered Attack. Accuracy: White = 48%, Black = 44%.} 0-1

[Event "23rd OIBM 2019"]
[Site "Gmund am Tegernsee"]
[Date "2019.11.03"]
[Round "9.16"]
[White "Vogel, Roven"]
[Black "Wacker, Peter"]
[Result "1-0"]
[WhiteElo "2456"]
[BlackElo "2295"]
[Annotator "TA"]
[PlyCount "65"]
[EventDate "2019.10.17"]
[EventType "swiss"]
[EventCountry "GER"]
[SourceTitle "playchess.com"]
[Source "ChessBase"]
[SourceQuality "1"]

{[%evp 11,65,12,25,2,0,4,7,5,21,18,25,36,36,18,22,30,55,19,74,82,85,81,99,102,134,124,192,172,175,192,179,158,188,173,184,166,161,175,155,146,158,116,174,114,194,164,166,139,170,152,242,240,812,779,29993,29994]} 1. c4 Nf6 2. Nc3 e6 3. d4 d5 4. cxd5 exd5 5. Bg5 c6 6. e3 Bf5 7. Nge2 {D35: Queen's Gambit Declined: Exchange Variation} (7. Qf3 Bg6 8. Bxf6 Qxf6 9. Qxf6 gxf6 10. Nf3 Nd7 11. Nh4 Be7 12. Ne2 f5 13. g3 Bxh4 14. gxh4 Nf6 15. Bh3 Nh5 16. b4 Ke7 17. Kd2 a6 18. a4 {½-½ (34) Vachier Lagrave,M (2778)-Vitiugov,N (2709) Shenzhen 2018}) 7... Nbd7 8. Ng3 Bg6 9. h4 {The position is equal.} h6 10. Bf4 Nb6 11. h5 Bh7 12. Bd3 Bxd3 13. Qxd3 Qd7 $146 ({Predecessor:} 13... Nc4 14. e4 Bb4 {1-0 (38) Lupini,S (2258)-Panarello,G ICCF email 2014}) 14. Rc1 Nc4 (14... Bb4 $11) 15. b3 Nd6 16. f3 Be7 17. e4 {And now e5 would win.} dxe4 18. fxe4 Nh7 (18... Ng4 $16) 19. e5 Nc8 20. Nf5 O-O 21. O-O Bg5 {[#]} 22. Ne4 $1 {Black must now prevent Bxg5.} Ne7 {[#]} 23. Bxg5 $1 Nxf5 24. Rxf5 Nxg5 25. Nxg5 hxg5 26. Rxg5 Rad8 (26... f6 $16 {might work better.} 27. Qc4+ (27. exf6 Rxf6 28. d5 Raf8 $16) 27... Kh7) 27. Rd1 (27. Qg3 $18 f6 28. Rg4) 27... Kh8 (27... f6 $16 28. Rg3 (28. exf6 Rxf6 29. Qg3 Qf7 $16) 28... Rf7) 28. Qe4 Rfe8 29. Rf1 {[%cal Bd1f1,Bf1f4,Bf4g4][%mdl 32]} Re7 30. Rf4 $40 {[%mdl 128] Black is in trouble.} Qd5 (30... c5 $16) 31. Qe3 $18 {aiming for Rfg4.} b6 $2 (31... Qe6 32. Qg3 Qh6) 32. Rfg4 f6 {[#]} 33. Rxg7 $1 {[%mdl 512] Accuracy: White = 70%, Black = 34%.} 1-0

[Event "23rd OIBM 2019"]
[Site "Gmund am Tegernsee"]
[Date "2019.11.03"]
[Round "9.17"]
[White "Buchal, Stephan"]
[Black "Parvanyan, Ashot"]
[Result "0-1"]
[WhiteElo "2274"]
[BlackElo "2448"]
[Annotator "TA"]
[PlyCount "129"]
[EventDate "2019.10.17"]
[EventType "swiss"]
[EventCountry "GER"]
[SourceTitle "playchess.com"]
[Source "ChessBase"]
[SourceQuality "1"]

{[%evp 16,129,15,11,20,10,25,11,24,13,29,6,18,9,24,16,18,-16,38,21,59,33,35,24,37,31,35,0,16,0,0,-32,24,0,63,58,110,109,102,102,104,100,139,137,136,125,108,110,114,109,185,90,109,58,51,39,57,57,54,68,40,0,0,0,0,0,0,-81,-37,-44,-44,-89,-12,-5,0,-48,-24,-222,-221,-206,-191,-202,-92,-83,-89,-79,-27,-25,-27,-266,-267,-29955,-29957,-29957,-29958,-29960,-29961,-29962,-29963,-29963,-29965,-29961,-29963,-7208,-10716,-29967,-29969,-29969,-29969,-29972,-29974,-29974,-29974,-29979,-29980,-29974]} 1. c4 Nf6 2. g3 g6 3. b3 Bg7 4. Bb2 O-O 5. Bg2 d6 6. Nf3 e5 7. O-O Re8 8. d3 Nc6 9. Nc3 a6 {A15: English Opening: 1...Nf6} 10. Rc1 $146 ({Predecessor:} 10. e3 Rb8 11. d4 exd4 12. exd4 b5 13. d5 Ne7 14. cxb5 Nfxd5 15. Qd2 Nxc3 16. Bxc3 Bxc3 17. Qxc3 Rxb5 {0-1 (62) Moussard,J (2506)-Duda,J (2666) Drancy 2016}) 10... Bd7 11. Qd2 Rb8 {The position is equal.} 12. e3 h6 13. Rfe1 Be6 14. a3 g5 15. Qc2 Qd7 16. d4 Bf5 (16... exd4 $11 17. Nxd4 Nxd4 18. exd4 b5) 17. e4 $14 Bg4 18. dxe5 (18. d5 $5 {[%cal Rd5c6]} Ne7 19. Nd1 $14) 18... dxe5 19. Nd5 Nh7 20. Re3 Bxf3 21. Bxf3 Nd4 22. Bxd4 exd4 23. Rd3 Nf8 ({Black should try} 23... g4 $15 24. Bg2 c6) 24. Qd1 Ne6 (24... Qd8 $11) 25. c5 Rbd8 ({Black should play} 25... c6 $14) 26. Bg4 c6 27. Nb6 Qe7 28. b4 Nc7 29. Bf5 a5 30. Nc4 axb4 31. axb4 Nb5 32. Qg4 Ra8 (32... Nc3 $16 {might work better.}) 33. f4 (33. Re1 $18 {has better winning chances.}) 33... Ra4 $16 34. Rb3 (34. e5 $16) 34... d3 35. e5 {aiming for Nd6.} Nd4 36. Rxd3 Nxf5 37. Qxf5 Rxb4 38. Rd6 (38. Nd6 $5 {[%cal Rd6e8]} Ra8 39. Rd2 $14) 38... gxf4 39. gxf4 Qh4 $1 40. Rd7 Kh8 {Strongly threatening ...Ra8.} 41. Rdd1 (41. Rd3 $11 {keeps the balance.}) 41... Rg8 {Hoping for ...Bxe5+.} 42. Kh1 Qf2 43. Qe4 Qxc5 (43... Bf8 $17 44. Rc2 Qxc5) 44. Qe2 $132 {[%mdl 2048] Black must now prevent Nd6. White is not holding back} Qb5 45. Qc2 {And now Nd6! would win.} c5 {Threatens to win with ...Qc6+.} 46. Rd6 $2 (46. Qe4 $11 {and White stays safe.}) 46... Bf8 $19 47. Rb6 Qd7 $1 {[%cal Rd7d5] ( -> ...Qd5+)} 48. Qe4 {[#]} Rxb6 (48... Qc7 $1 $19 {[%cal Rc7b6] is more deadly.} 49. Rxb4 cxb4) 49. Nxb6 $17 Qd2 50. Rf1 {[#]} Qd4 (50... Qb4 $1 $17 51. Qxb4 cxb4) 51. Qxd4 $1 $11 cxd4 {[%mdl 4096] Endgame KRB-KRN} 52. Rg1 $2 (52. Rd1 $11) 52... d3 $19 53. Rxg8+ $2 (53. Rd1 $19 d2 54. h4) 53... Kxg8 {KB-KN} 54. Nd5 d2 55. Ne3 b5 {[%cal Bb7b5,Bb5b4][%mdl 32]} 56. Kg2 b4 57. Kf3 b3 58. Nd1 Ba3 59. Ke2 b2 60. Nxb2 Bxb2 {Black mates.} 61. Kxd2 Kg7 62. Ke3 Kg6 63. Ke4 Ba3 64. h4 Kh5 65. Kf5 {Accuracy: White = 35%, Black = 56%.} 0-1

[Event "23rd OIBM 2019"]
[Site "Gmund am Tegernsee"]
[Date "2019.11.03"]
[Round "9.18"]
[White "Stoeber, Michael"]
[Black "Womacka, Mathias"]
[Result "0-1"]
[WhiteElo "2264"]
[BlackElo "2436"]
[Annotator "TA"]
[PlyCount "95"]
[EventDate "2019.10.17"]
[EventType "swiss"]
[EventCountry "GER"]
[SourceTitle "playchess.com"]
[Source "ChessBase"]
[SourceQuality "1"]

{[%evp 24,95,0,0,32,0,0,-114,-77,-270,-206,-209,-213,-209,-205,-239,-253,-247,-211,-206,-206,-293,-292,-271,-158,-279,-270,-275,-266,-266,-255,-271,-229,-232,-239,-300,-299,-290,-272,-427,-316,-404,-397,-450,-441,-437,-425,-444,-477,-477,-478,-477,-408,-462,-441,-442,-84,-362,-56,-15,-8,-8,0,-8,0,-8,-18,-89,-89,-80,-93,-1116,-764,-1108]} 1. Nf3 c5 2. c4 Nf6 3. Nc3 e6 4. g3 b6 5. Bg2 Bb7 6. O-O Be7 7. d4 cxd4 8. Qxd4 d6 9. Rd1 a6 10. Ng5 Bxg2 11. Kxg2 Nc6 12. Qf4 O-O 13. b3 Ra7 {A30: Symmetrical English: Double Fianchetto and Hedgehog} 14. Ba3 {[%cal Ra3d6]} (14. Bb2 Rd7 15. Nce4 Ne8 16. Nf3 h6 17. g4 b5 18. h4 bxc4 19. bxc4 d5 20. cxd5 Rxd5 21. Nc3 Rxd1 22. Rxd1 {1-0 (37) Pantsulaia,L (2586)-Stocek,J (2581) Heraklio 2017}) 14... Rd7 15. Rd2 $146 {[#]} (15. Nf3 $11) ({Predecessor:} 15. Nge4 Ne8 16. h4 h6 17. Rac1 Qb8 18. Nd2 Ne5 19. Nf3 b5 20. cxb5 axb5 21. Bb2 Nxf3 22. Qxf3 {0-1 (63) Gonzalez Aguirre,L (2300)-Elguezabal Varela,D (2300) Alcobendas 1993}) 15... b5 $1 {[%mdl 512] Black is better.} 16. Nce4 $2 (16. cxb5 $17 {is a better defense.} axb5 17. Bb2) 16... Nxe4 17. Nxe6 fxe6 18. Qxe4 Ne5 {Threatens to win with ...Qa5.} 19. f4 Nf7 20. Qxe6 bxc4 21. bxc4 Bf6 22. Rad1 (22. Rc1 $142) 22... Re7 $19 23. Qd5 {intending e4.} Qa8 (23... Rfe8 $19 24. Kf1 Qc8 25. Bxd6 Qh3+ 26. Qg2 Qxg2+ 27. Kxg2 Nxd6 {[%mdl 64] Overworked Piece} 28. Rxd6 Rxe2+ {[%mdl 64] Double Attack} 29. Kf1 Rxh2) 24. Kf3 (24. Rc2 $17) 24... Qxd5+ 25. Rxd5 Rfe8 {And now ...Re3+ would win.} 26. Bxd6 Rxe2 27. Be5 Rxa2 {[%cal Rf6e5]} ({Less strong is} 27... R2xe5 28. fxe5 Nxe5+ 29. Kf2 $17) (27... Nxe5+ 28. Kxe2 Nxc4+ 29. Kf3 $15) 28. Bxf6 gxf6 29. Rb1 Rxh2 30. Rb6 Kg7 31. Rd7 (31. Rxa6 $142 Rc2 32. Rd7) 31... Rc2 32. Rbb7 Rf8 33. Rdc7 Rc3+ 34. Kg4 {[#]} h5+ $1 35. Kh4 (35. Kxh5 Rxg3) 35... Kg6 36. f5+ Kxf5 {aiming for ...Rg8.} 37. Rxf7 Rxc4+ 38. Kxh5 {[%mdl 4096] Endgame KRR-KRR} Rh8+ 39. Rh7 Rxh7+ 40. Rxh7 {[#] KR-KR} Rc1 $2 (40... Rg4 $1 $19 41. Rc7 Rxg3 42. Rc5+ Ke4 43. Rc4+ Kd3) 41. g4+ $15 Kf4 {( -> ...Rh1+)} 42. Ra7 Rc6 (42... Rc5+ {keeps more tension.} 43. Kg6 Rc6 44. Rf7 Ke5 45. Kh5 Rb6) 43. Ra8 Rb6 44. Ra7 Ke5 45. Ra8 (45. Rf7 $11 {keeps the balance.}) 45... Kd5 46. Kg6 Kc4 47. Rf8 $2 {[%mdl 8192]} (47. Kf5 $17) 47... a5 $19 48. g5 {Accuracy: White = 20%, Black = 68%.} 0-1

[Event "23rd OIBM 2019"]
[Site "Gmund am Tegernsee"]
[Date "2019.11.03"]
[Round "9.19"]
[White "Braeuer, Franz"]
[Black "Santagati, Alessandro"]
[Result "1/2-1/2"]
[WhiteElo "2429"]
[BlackElo "2288"]
[Annotator "TA"]
[PlyCount "85"]
[EventDate "2019.10.17"]
[EventType "swiss"]
[EventCountry "GER"]
[SourceTitle "playchess.com"]
[Source "ChessBase"]
[SourceQuality "1"]

{[%evp 14,85,29,19,20,19,25,26,18,18,22,22,22,18,28,28,27,29,34,34,32,31,33,32,31,15,17,21,33,28,46,49,49,47,53,40,68,52,120,105,96,79,78,33,37,-2,-2,-4,-7,-8,-8,-57,-48,-106,-33,-43,-4,-8,0,0,0,0,0,0,0,0,0,0,0,0,0,0,0,0]} 1. e4 e6 2. d4 d5 3. Nd2 dxe4 4. Nxe4 Nd7 5. Nf3 Ngf6 6. Nxf6+ Nxf6 7. c3 c5 8. Ne5 a6 {C10: French with 3 Nc3: Unusual Black 3rd moves and 3...dxe4} 9. Qa4+ Bd7 10. Nxd7 Qxd7 {White has an edge.} 11. Qxd7+ Kxd7 12. dxc5 Bxc5 13. Be2 Rhd8 {[#]} 14. Bf3 $146 ({Predecessor:} 14. a4 a5 15. Bf4 Ke7 16. Bf3 Rd7 17. O-O Rad8 18. Rfe1 h6 19. h4 Nd5 20. Bg3 Bd6 21. Bxd6+ {½-½ (21) Kasimdzhanov,R (2704)-Dorfman,J (2602) Germany 2002}) 14... Nd5 15. Ke2 Kc7 16. Rd1 f6 17. Rd3 (17. Bd2 {looks sharper.} a5 18. a4 Ne7 19. Be4 g5 20. b4) 17... Ne7 18. Rxd8 Rxd8 19. b4 Bb6 20. Rb1 e5 21. g4 g6 22. a4 Nd5 23. Rb3 Ba7 24. a5 Ne7 25. b5 {[#] Black must now prevent b6+.} axb5 (25... Bc5 $14) 26. Rxb5 $16 Nc6 27. Be4 Ra8 28. f3 Bg1 29. g5 fxg5 30. Bxc6 Kxc6 31. Rxe5 Bxh2 $11 {[%mdl 4096] Endgame KRB-KRB} 32. Re6+ Kd7 33. Rb6 ({White should play} 33. Rf6 $1 $15) 33... Kc7 (33... Bc7 $17 34. Rxb7 Kc6) 34. Rf6 $1 $15 Rxa5 35. Rf7+ {The position is equal.} Kc6 36. Rxh7 Bf4 (36... Be5 {seems wilder.} 37. Bd2 Bd6 38. Be3 Re5 39. Kd3 Bc5) 37. Bxf4 gxf4 $11 {KR-KR} 38. Kd3 Re5 {next ...Re3+ is good for Black.} 39. Kd4 Re3 40. Rg7 Rxf3 {[#] aiming for ...Rg3.} 41. Rxg6+ Kc7 42. Rf6 Rf1 43. Ke4 {Accuracy: White = 78%, Black = 35%.} 1/2-1/2

[Event "23rd OIBM 2019"]
[Site "Gmund am Tegernsee"]
[Date "2019.11.03"]
[Round "9.20"]
[White "Schnepp, Gunnar"]
[Black "Morawietz, Dieter"]
[Result "1/2-1/2"]
[WhiteElo "2256"]
[BlackElo "2419"]
[Annotator "TA"]
[PlyCount "82"]
[EventDate "2019.10.17"]
[EventType "swiss"]
[EventCountry "GER"]
[SourceTitle "playchess.com"]
[Source "ChessBase"]
[SourceQuality "1"]

{[%evp 10,82,72,73,79,36,43,0,0,0,3,0,0,0,21,0,0,0,10,0,6,0,18,0,0,2,21,0,0,0,21,1,17,16,2,0,16,-18,43,-20,-25,-10,41,53,47,24,47,44,46,0,0,0,30,-12,97,101,105,91,106,52,76,0,10,-31,-31,-33,62,37,37,31,41,37,36,43,42]} 1. d4 Nf6 2. c4 e6 3. Nf3 c5 4. d5 exd5 5. cxd5 d6 6. e4 Bg4 {E10: Blumenfeld Gambit} 7. Nbd2 (7. Be2 {looks sharper.} Be7 8. Nc3 Nbd7 9. h3 Bh5 10. O-O) 7... Nbd7 8. h3 $146 ({Predecessor:} 8. Bd3 a6 9. a4 g6 10. a5 Ne5 11. Be2 Nxf3+ 12. Bxf3 Bxf3 13. Qxf3 Bg7 14. Nc4 {1-0 (57) Naumann,A (2540)-Fier,A (2572) Germany 2014}) 8... Bxf3 {The position is equal.} 9. Qxf3 g6 10. Bd3 Bg7 11. Nc4 Nb6 12. O-O Nxc4 13. Bxc4 a6 14. Bg5 b5 15. Bd3 O-O 16. Rae1 c4 17. Bb1 Re8 18. Re2 h6 19. Bh4 Qe7 20. Rfe1 g5 {[#]} 21. e5 $1 {[%mdl 512]} dxe5 22. Bg3 {[%cal Rg3e5]} Nd7 $1 23. Qf5 Qd6 (23... Rad8 $11) 24. f4 ({Better is} 24. h4 $14) 24... gxf4 $11 {[#]} 25. Bxf4 $1 {[%mdl 576] Pin} Re7 (25... Rad8 $11) (25... exf4 26. Rxe8+) 26. Bg3 $36 {[%mdl 3072] White has compensation. Black is under pressure.} Nf8 27. Kh1 Rae8 28. Be4 Ng6 29. h4 Nf4 30. Re3 Kf8 31. Rd1 Rd8 {[#]} (31... Re6 $1 $11) 32. Be1 $1 $16 b4 33. Rg3 Rb7 34. Bf2 (34. Rxg7 $6 Kxg7 35. h5 Rdb8 $11) (34. Qh7 $16 Qf6 35. Rf3 (35. h5 Ne2 $14)) 34... Rc7 35. Be1 (35. Rxg7 Kxg7 36. h5 Rg8 $15) (35. a3 $16 {Hoping for axb4.} bxa3 36. Rxa3 (36. Qh7 f5 $15)) 35... a5 36. a3 ({Reject} 36. Rxg7 Kxg7 37. h5 Rg8 $17) 36... c3 ({Wrong is} 36... Ng6 $2 37. axb4 axb4 38. Qg4 $18) 37. bxc3 bxc3 (37... bxa3 $15 38. Qh7 Qf6) 38. Rxc3 {White is slightly better.} Rxc3 39. Bxc3 Ne2 {White must now prevent ...Ng3+.} 40. Qf3 Nxc3 41. Qxc3 Bf6 {Accuracy: White = 35%, Black = 51%.} 1/2-1/2

[Event "23rd OIBM 2019"]
[Site "Gmund am Tegernsee"]
[Date "2019.11.03"]
[Round "9.21"]
[White "Kueppers, Timo"]
[Black "Zysk, Robert"]
[Result "1/2-1/2"]
[WhiteElo "2250"]
[BlackElo "2412"]
[Annotator "RC"]
[PlyCount "123"]
[EventDate "2019.10.17"]
[EventType "swiss"]
[EventCountry "GER"]
[SourceTitle "playchess.com"]
[Source "ChessBase"]
[SourceQuality "1"]
[TimeControl "40/5400+30:1800+30"]

1. e4 {[%emt 0:00:00]} e6 {[%emt 0:00:02]} 2. d4 {[%emt 0:00:00]} d5 {[%emt 0:00:05]} 3. Nd2 {[%emt 0:00:00]} c5 {[%emt 0:01:58]} 4. exd5 {[%emt 0:00:12]} exd5 {[%emt 0:00:05]} 5. Ngf3 {[%emt 0:00:05]} Nf6 {[%emt 0:00:11]} 6. Bb5+ {[%emt 0:00:04]} Bd7 {[%emt 0:00:05]} 7. Bxd7+ {[%emt 0:00:06]} Nbxd7 {[%emt 0:00:05]} 8. O-O {[%emt 0:00:08]} Be7 {[%emt 0:00:06]} 9. dxc5 {[%emt 0:00:05]} Nxc5 {[%emt 0:00:16]} 10. Nb3 {[%emt 0:00:03]} Nce4 {[%emt 0:01:11]} 11. Nfd4 {[%emt 0:00:25]} Qd7 {[%emt 0:02:29]} 12. f3 {[%emt 0:02:10]} Nd6 {[%emt 0:04:27]} 13. Nc5 {[%emt 0:00:37]} Qc8 {[%emt 0:06:21]} 14. Nd3 {[%emt 0:00:55]} O-O {[%emt 0:00:44]} 15. Re1 {[%emt 0:01:08]} Bd8 {[%emt 0:06:21]} 16. Bg5 {[%emt 0:05:57]} Nf5 {[%emt 0:09:30]} 17. Nxf5 {[%emt 0:04:22]} Qxf5 {[%emt 0:00:06]} 18. Re5 {[%emt 0:00:20]} Qd7 {[%emt 0:00:11]} 19. Kh1 {[%emt 0:15:30]} h6 {[%emt 0:05:58]} 20. Bh4 {[%emt 0:17:38]} Rc8 {[%emt 0:01:41]} 21. c3 {[%emt 0:03:53]} Ng4 {[%emt 0:12:07]} 22. fxg4 {[%emt 0:05:49]} Bxh4 {[%emt 0:00:34]} 23. Qf3 {[%emt 0:01:03]} Rfd8 {[%emt 0:04:19]} 24. Rf1 {[%emt 0:13:16]} Bf6 {[%emt 0:13:19]} 25. Rf5 {[%emt 0:00:07]} d4 {[%emt 0:01:08]} 26. Nc5 {[%emt 0:02:22]} Qc6 {[%emt 0:03:54]} 27. Ne4 {[%emt 0:01:22]} Re8 {[%emt 0:05:26]} 28. Nxf6+ {[%emt 0:03:08]} gxf6 {[%emt 0:00:06]} 29. Qh3 {[%emt 0:03:37]} dxc3 {[%emt 0:15:34]} 30. bxc3 {[%emt 0:06:46]} Kg7 {[%emt 0:01:04]} 31. Qh4 {[%emt 0:09:20]} Re6 {[%emt 0:01:19]} 32. Qf2 {[%emt 0:00:20]} Rce8 {[%emt 0:02:09]} 33. h4 {[%emt 0:03:21]} Re2 {[%emt 0:00:47]} 34. Qg3 {[%emt 0:00:18]} R8e3 35. R1f3 {[%emt 0:00:45]} Qxc3 {[%emt 0:01:15]} 36. g5 {[%emt 0:00:31]} Qe1+ {[%emt 0:00:28]} 37. Qxe1 {[%emt 0:01:03]} Rxe1+ {[%emt 0:00:04]} 38. Kh2 {[%emt 0:00:05]} hxg5 {[%emt 0:00:11]} 39. hxg5 {[%emt 0:00:46]} Rxf3 {[%emt 0:00:15]} 40. gxf6+ {[%emt 0:00:03]} Kg6 {[%emt 0:00:09]} 41. Rxf3 {[%emt 0:30:02]} Re6 {[%emt 0:30:12]} 42. Rb3 {[%emt 0:00:00]} b6 {[%emt 0:00:00]} 43. Ra3 {[%emt 0:00:00]} a5 {[%emt 0:00:00]} 44. Rb3 {[%emt 0:00:00]} Kxf6 {[%emt 0:00:00]} 45. Rb5 {[%emt 0:00:00]} Ke7 {[%emt 0:00:00]} 46. Kh3 {[%emt 0:00:00]} f6 {[%emt 0:00:00]} 47. g4 {[%emt 0:00:00]} Kf7 {[%emt 0:00:00]} 48. Kg3 {[%emt 0:00:00]} Kg6 {[%emt 0:00:00]} 49. Kf3 {[%emt 0:00:00]} Rc6 {[%emt 0:00:00]} 50. Kg3 {[%emt 0:00:00]} Rc2 {[%emt 0:00:00]} 51. Rxb6 {[%emt 0:00:00]} Rxa2 {[%emt 0:00:13]} 52. Rb5 {[%emt 0:00:00]} Ra1 {[%emt 0:01:31]} 53. Kg2 {[%emt 0:00:00]} a4 {[%emt 0:02:56]} 54. Ra5 {[%emt 0:00:00]} a3 {[%emt 0:00:09]} 55. Kh2 {[%emt 0:00:00]} Kf7 {[%emt 0:00:15]} 56. Ra6 {[%emt 0:00:00]} Ke7 {[%emt 0:01:29]} 57. Kg2 {[%emt 0:00:00]} a2 {[%emt 0:01:32]} 58. Kh2 {[%emt 0:00:00]} Kd7 {[%emt 0:00:09]} 59. Kg2 {[%emt 0:00:00]} Kc7 {[%emt 0:00:09]} 60. g5 {[%emt 0:00:40]} fxg5 {[%emt 0:00:06]} 61. Ra7+ {[%emt 0:00:49]} Kb6 {[%emt 0:00:07]} 62. Ra8 {[%emt 0:00:16]} 1/2-1/2

[Event "23rd OIBM 2019"]
[Site "Gmund am Tegernsee"]
[Date "2019.11.03"]
[Round "9.22"]
[White "Miller, Eduard"]
[Black "Koelle, Tobias"]
[Result "1/2-1/2"]
[WhiteElo "2402"]
[BlackElo "2281"]
[Annotator "TA"]
[PlyCount "85"]
[EventDate "2019.10.17"]
[EventType "swiss"]
[EventCountry "GER"]
[SourceTitle "playchess.com"]
[Source "ChessBase"]
[SourceQuality "1"]

{[%evp 17,85,-2,6,-11,0,0,0,0,1,-23,-21,-25,-12,-29,-28,-31,-24,-24,-24,-24,-24,-24,-24,-25,-28,-25,-30,-60,-60,-77,-75,-98,-100,-95,-100,-98,-91,-92,-87,-94,-74,-83,-64,-75,-78,-85,-77,-120,-120,-120,-114,-127,-116,-105,-62,-96,-41,-43,-41,-138,-29,-29,-8,-8,-8,0,0,0,0,0]} 1. e4 e5 2. Nf3 Nc6 3. Nc3 Nf6 4. d4 exd4 5. Nxd4 Bb4 6. Nxc6 bxc6 7. Bd3 O-O 8. O-O d5 9. exd5 cxd5 10. a3 {C47: Scotch Four Knights and Four Knights with 4 g3} (10. Bg5 c6 11. Qf3 Bd6 12. Rae1 Rb8 13. Nd1 h6 14. Bxf6 Qxf6 15. Qxf6 gxf6 16. b3 f5 17. Ne3 f4 18. Nf5 Bxf5 19. Bxf5 Kg7 20. g3 Kf6 21. Bd3 {½-½ (30) Movsesian,S (2654)-Ding,L (2811) Khanty-Mansiysk 2019}) 10... Be7 11. h3 c5 12. Bf4 $146 ({Predecessor:} 12. Re1 Be6 13. b3 Rc8 14. Qf3 c4 15. bxc4 Qa5 16. Rb1 dxc4 {½-½ (26) Fass,R (2390)-Green,W (2447) ICCF email 2014}) 12... Bb7 13. Qf3 Qb6 {Hoping for ...c4.} 14. Rfe1 Rfe8 15. b3 c4 16. Bf1 d4 17. Na4 Bxf3 18. Nxb6 axb6 19. gxf3 cxb3 20. cxb3 Rxa3 21. Rxa3 Bxa3 22. Rxe8+ Nxe8 $11 {[%mdl 4096] Endgame KBB-KBN} 23. Bb5 Bd6 24. Bd2 Nc7 25. Bc6 Ne6 26. Kf1 Bf4 27. Bb4 d3 {[#] ...Nd4 is the strong threat.} 28. Bc3 Bg5 29. Ke1 g6 30. Bb5 Nf4 31. Bd4 Bd8 32. Kd2 Nxh3 33. Bxd3 Nf4 34. Bf1 h5 35. Be3 Ne6 36. Kd3 Kf8 (36... f5 $17 37. Kc4 h4) 37. Kc4 $15 Ke8 38. Kb5 ({White should try} 38. Kd5 $15) 38... h4 (38... Kd7 $17 39. b4 h4) 39. Kc6 $11 g5 40. b4 {The position is equal.} Nf4 41. b5 h3 {[#] And now ...h2 would win.} 42. Bxf4 $1 gxf4 43. Bxh3 {Accuracy: White = 57%, Black = 58%.} 1/2-1/2